| 000 | 00792nam a2200265 a 4500 | ||
|---|---|---|---|
| 001 | 55747 | ||
| 003 | BD-RjUL | ||
| 005 | 20211209080317.0 | ||
| 008 | 161121s2002 ii a b 001 0 eng | ||
| 020 | _a8126111429 | ||
| 035 | _a(BD-RjUL)55871 | ||
| 040 |
_aDLC _cDLC _dBD-RjUL _beng |
||
| 041 | _aeng | ||
| 082 | 0 | 0 |
_223 _a611.0181 _bBHM 2002 |
| 100 |
_aBhamrah, H.S _9166013 |
||
| 245 | 0 | 0 |
_aMolecular cell biology / _cH.S. Bhamrah , Kavita Juneja |
| 260 |
_aNew Delhi : _bAnmol pub, _c2002 |
||
| 300 |
_axxxvi, 422 p. : _bill. ; _c28 cm. |
||
| 504 | _aIncludes bibliographical references and index. | ||
| 650 | 0 |
_aCytology (Cell Biology) _9116684 |
|
| 650 | 0 |
_aMolecular biology. _9166014 |
|
| 700 | 1 |
_a Bhamrah , H.S. _9166015 |
|
| 700 | 1 |
_aJuneja, Kavita _9166016 |
|
| 942 |
_2ddc _cBK |
||
| 999 |
_c55747 _d55747 |
||